Možnosti využitia informačných technológií v cestovnom ruchu bakalárska práca

Salvato in:
Dettagli Bibliografici
Autore principale: Demovič, Jakub
Ente Autore: Obchodná fakulta EU. Katedra informatiky obchodných firiem
Altri autori: Potisková, Ingrid
Natura: Libro
Lingua:slovacco
Pubblicazione: Bratislava 2015
Tags: Aggiungi Tag
Nessun Tag, puoi essere il primo ad aggiungerne!!

MARC

LEADER 00000nbm a2200000 4500
001 0203290
005 20161212105907.6
041 0 |a slo 
044 |a SK 
245 1 0 |a Možnosti využitia informačných technológií v cestovnom ruchu  |b bakalárska práca  |c Jakub Demovič ; školiteľ: Ingrid Potisková 
264 1 |a Bratislava  |c 2015 
300 |a 48 s. 
100 1 |a Demovič, Jakub 
700 1 |a Potisková, Ingrid 
710 2 |a Obchodná fakulta EU. Katedra informatiky obchodných firiem